<?xml version="1.0" encoding="UTF-8"?>
<collection xmlns:xsi="http://www.w3.org/2001/XMLSchema-instance" xsi:schemaLocation="http://www.loc.gov/MARC21/slim http://www.loc.gov/standards/marcxml/schema/MARC21slim.xsd" xmlns="http://www.loc.gov/MARC21/slim">
 <record>
  <leader>00000ccm a22000004a 4500</leader>
  <controlfield tag="001">UP-99796217606620260</controlfield>
  <controlfield tag="003">Buklod</controlfield>
  <controlfield tag="005">20230503092542.0</controlfield>
  <controlfield tag="006">a     r    |||| u|</controlfield>
  <controlfield tag="007">qu</controlfield>
  <controlfield tag="008">010924s1980    xx |||||||||||||| |     d</controlfield>
  <datafield tag="035" ind1=" " ind2=" ">
   <subfield code="a">(iLib)UPD-00000409651</subfield>
  </datafield>
  <datafield tag="040" ind1=" " ind2=" ">
   <subfield code="a">DML</subfield>
  </datafield>
  <datafield tag="041" ind1=" " ind2=" ">
   <subfield code="a">eng</subfield>
  </datafield>
  <datafield tag="090" ind1=" " ind2=" ">
   <subfield code="a">Tape 479</subfield>
  </datafield>
  <datafield tag="245" ind1="1" ind2="0">
   <subfield code="a">Parangal</subfield>
   <subfield code="h">[sound recording].</subfield>
  </datafield>
  <datafield tag="264" ind1=" " ind2="1">
   <subfield code="a">s.l.</subfield>
   <subfield code="b">Scotch highlander</subfield>
   <subfield code="c">[1980].</subfield>
  </datafield>
  <datafield tag="300" ind1=" " ind2=" ">
   <subfield code="a">1 reel.</subfield>
   <subfield code="b">7 1/2 ips., 2-track, stereo</subfield>
   <subfield code="c">7 in.</subfield>
  </datafield>
  <datafield tag="500" ind1=" " ind2=" ">
   <subfield code="a">A testimonial/inaugural concert in honor of Dr. Onofre D. Corpuz and Dr. Emanuel V. Soriano.</subfield>
  </datafield>
  <datafield tag="500" ind1=" " ind2=" ">
   <subfield code="a">Sponsored by the U.P. faculty Organization, U.P. Supervisors Association, U.P. Organization of Non-AcademicPersonnel in cooperation with the College of Music held at the U.P. Abelardo Hall Auditorium,Feb. 12, 1980</subfield>
  </datafield>
  <datafield tag="505" ind1="0" ind2=" ">
   <subfield code="a">Vivaldi. Concerto in A minor.--Babin.--Fantasia on themes by the G.P. Talemann.--Doppler. Andante anf rondo.--Barcelo.--Dialogue.--Santiago, F. Cancion Filipina.--GErshwin. bess, you is my woman now.-- Awarding of plaques of distincition to Minister Onfre D. Corpuz and Pres. Emanuel V. Soriano.--Mozart. Symphony no.29 in A major, K. 201.--Stamitz. Symphonie concertante pour violon at alto.--Canseco, George. Kapantay ay langit.--Cuenco, Ernani. Gaano ko ikaw kamahal.--San Pedro, Lucio D. Sa mahal kong bayan</subfield>
  </datafield>
  <datafield tag="511" ind1="0" ind2=" ">
   <subfield code="a">Fides C. Asencio, soprano; Elmo Q Makil, baritone; Santigao G. Yangco, Enrique D. Gregorio, Imelda C. Ongsiako, Rey T. Paguio, pianos; Sergio Z. Esmilla, Jr. violin; Celso M. Estrella, viola; Philippine Youth Orchestra, U.P. Madrigal Singers; U.P. Cocnert Chorus; U.P. Saring Himig; U.P. Staff Chorale; Ramon P. Santos, Lucio D. San Pedro, conductor.</subfield>
  </datafield>
  <datafield tag="650" ind1=" " ind2="4">
   <subfield code="a">Piano music.</subfield>
  </datafield>
  <datafield tag="650" ind1=" " ind2="4">
   <subfield code="a">Trios (Piano, flutes (2)).</subfield>
  </datafield>
  <datafield tag="650" ind1=" " ind2="4">
   <subfield code="a">Vocal music.</subfield>
  </datafield>
  <datafield tag="650" ind1=" " ind2="4">
   <subfield code="a">Symphonies</subfield>
   <subfield code="y">To 1800.</subfield>
  </datafield>
  <datafield tag="650" ind1=" " ind2="4">
   <subfield code="a">Choruses, Secular (mixed voices) with orchestra.</subfield>
  </datafield>
  <datafield tag="842" ind1=" " ind2=" ">
   <subfield code="a">Music</subfield>
  </datafield>
  <datafield tag="905" ind1=" " ind2=" ">
   <subfield code="a">FO</subfield>
  </datafield>
  <datafield tag="852" ind1="0" ind2=" ">
   <subfield code="a">UPD</subfield>
   <subfield code="b">DMUS</subfield>
   <subfield code="h">Tape 479</subfield>
  </datafield>
  <datafield tag="942" ind1=" " ind2=" ">
   <subfield code="a">Music</subfield>
  </datafield>
 </record>
</collection>
